Qry - Droga Snów - Statystyki

Ogólne statystyki
  • Ten quiz został rozwiązany 16 razy
  • Średni wynik to 7 z 11
Statystyki odpowiedzi
Numer Gość Utwór % Poprawnych
2 Małolat
81%
1 Paw
81%
5 Ice
69%
3 Mapy
69%
9 Olszakumpel Milcz
69%
8 Jacuś i ZetHa Sztuki
69%
10 Dola
63%
6 MMWS2
63%
7 Odnowa
63%
4 Trill Pem i Vkie Czas dla was
56%
(Bonus Track) Kizo Motto
56%
Nie znaleziono quizów pasujących do podanych kryteriów
Rozkład punktacji
Procent ludzi z każdym wynikiem
Percentyl według liczby udzielonych odpowiedzi
Twoja historia wyników
Nie rozwiązałeś tego quizu